000 00892nam a22003017a 4500
001 4767
003 FISKH
005 20250707112505.0
008 241009b cb ||||| |||| 00| 0 eng d
020 _a0590622706
040 _aFISKH
_beng
_cFISKH
_dFISKH
050 _aPZ10.K869
082 _a818
100 _aKraus, Robert
_d(1925–2001)
245 _aLeo the late bloomer /
_cBy Robert Kraus / Pictures by Jose Aruego
250 _aPrinted in 1971
260 _aNew York :
_bScholastic,
_c1971.
300 _a28 pages :
_bColor illustration ;
_c27 cm
505 _aC
520 _aLeo, a young tiger, finally blooms under the anxious eyes of his parents.
521 8 _a120L
_bLexile
521 8 _aC
_bRaz-Plus
650 _2Feelings
_aAnimals
_vGrowing
650 _2Patience
_aGrowing up
700 _aAruego, Jose
_dIllustrator
942 _2ddc
_cBK
_n0
999 _c4767
_d4767